Atlas of minimally invasive surgery in esophageal carcinoma (رقم التسجيلة. 24161)

تفاصيل مارك
000 -الفاتح
حقل البيانات ثابتة الطول 01469cam a2200433 a 4500
001 - رقم الضبط
رقم الضبط 7915790
003 - محدد رقم الضبط
رقم الضبط OSt
005 - وقت وتاريخ اخر تعامل مع التسجيلة
رقم الضبط 20150408114045.0
006 - عناصر البيانات ثابتة الطول - خصائص المادة الاضافية-معلومات عامة
حقل البيانات ثابتة الطول m d
007 - الحقل الثابت للوصف المادى- معلومات عامة
حقل البيانات ثابتة الطول cr n
008 - عناصر البيانات ثابتة الطول - معلومات عامة
حقل البيانات ثابتة الطول 120623s2010 ne a |sb 001 0 eng d
015 ## - رقم الببليوجرافية الوطنية
رقم الببليوجرافية الوطنية GBA982294
المصدر bnb
016 7# - رقم ضبط الوكاله الوطنية للضبط الببليوجرافي
رقم ضبط التسجيلة 015352504
المصدر Uk
020 ## - الرقم الدولى المعيارى للكتب
الرقم الدولى المعيارى للكتاب 9781848827677
020 ## - الرقم الدولى المعيارى للكتب
الرقم الدولى المعيارى للكتاب
020 ## - الرقم الدولى المعيارى للكتب
الرقم الدولى المعيارى للكتاب
020 ## - الرقم الدولى المعيارى للكتب
الرقم الدولى المعيارى للكتاب
035 ## - رقم ضبط النظام
رقم ضبط النظام (WaSeSS)ssj0000372705
040 ## - مصدر الفهرسة
وكالة الفهرسة الأصلية UKM
وكالة النسخ MU
وكالة التعديل YDXCP
-- WaSeSS
042 ## - رمز التحقق
رمز التحقق ukblcatcopy
-- nlmcopyc
050 #4 - رقم طلب مكتبة الكونجرس
رقم التصنيف
060 00 - رقم الطلب بالمكتبة الطبية الوطنية
رقم التصنيف
060 10 - رقم الطلب بالمكتبة الطبية الوطنية
رقم التصنيف
082 04 - رقم تصنيف ديوى العشرى
رقم التصنيف 616.994320597
رقم الطبعة 22
رقم المادة P S A
100 1# - المدخل الرئيسى - إسم شخصى
الإسم الشخصى Puntambekar, Shailesh.
9 (RLIN) 15879
210 10 - العنوان المختصر
العنوان المختصر Atlas of minimally invasive surgery in esophageal carcinoma
245 00 - بيان العنوان
العنوان Atlas of minimally invasive surgery in esophageal carcinoma
الوسيط [electronic resource] /
بيان المسئوليه,etc .Shailesh Puntambekar, Miguel A. Cuesta.
260 ## - PUBLICATION, DISTRIBUTION, ETC. (IMPRINT)
مكان الناشر او الموزع Dordrecht :
اسم الناشر او الموزع Springer,
تاريخ النشر أو التوزيع 2010.
300 ## - الوصف المادى
التعداد 200 p. :
تفاصيل ماديه اخرى للوعاء ill. ;
أبعاد الوعاء 28 cm.
504 ## - تبصرة ببليوجرافية
تبصرة ببليوجرافية,الخ Includes bibliographical references and index.
506 ## - تبصرة قيود الاتاحة
قيود الإتاحة License restrictions may limit access.
650 #4 - المدخل الاضافى بالموضوع-مصطلح موضوعى
مصطلح موضوعي أو اسم جغرافي كعنصر مدخل Esophageal Neoplasms
التقسيم الفرعي العام surgery
9 (RLIN) 15880
650 #4 - المدخل الاضافى بالموضوع-مصطلح موضوعى
مصطلح موضوعي أو اسم جغرافي كعنصر مدخل Surgical Procedures, Minimally Invasive
التقسيم الفرعي العام methods
9 (RLIN) 13572
655 ## - مصطلح تكشيفى-نوع/شكل
بيانات النوع/ الشكل أو المصطلح الأساسي Atlases
9 (RLIN) 13924
700 1# - المدخل الاضافى - اسم شخصى
الإسم الشخصى Cuesta, Miguel A.
9 (RLIN) 15881
773 #0 - مدخل المادة المضيفة
العنوان SpringerLink ebooks - Medicine (2010)
856 40 - الوصول و الموقع الالكترونى
معرف المصدر الموحد <a href="http://www.columbia.edu/cgi-bin/cul/resolve?clio7915790">http://www.columbia.edu/cgi-bin/cul/resolve?clio7915790</a>
تبصرة عامة Full text available from SpringerLink ebooks - Medicine (2010)
942 ## - عناصر المدخل الإضافي( كوها)
مصدر التصنيف او مخطط الترفيف Dewey Decimal Classification
Koha [default] item type DVD
المقتنيات
حالة الفقد نموذج السعر الفعال حالة تلف ليس للاعارة رقم الطلب رقم النسخة تاريخ الاكتساب الموقع الحالي الباركود الفرع الرئيسي Date last seen نوع المادة فى نظام كوها مصدر التصنيف او خطة الترفيف Total Checkouts
  2013-03-10     616.994320597 P S A C. 1 2012-06-23 المكتبة المركزية بالمجمعة (CL) 00109988 المكتبة المركزية بالمجمعة (CL) 2013-03-10 كتاب Dewey Decimal Classification  
  2013-03-10     616.994320597 P S A C. 2 2012-06-23 المكتبة المركزية بالمجمعة (CL) 00109989 المكتبة المركزية بالمجمعة (CL) 2013-03-10 كتاب Dewey Decimal Classification  
  2013-03-10     616.994320597 P S A C. 3 2012-06-23 المكتبة المركزية بالمجمعة (CL) 00109990 المكتبة المركزية بالمجمعة (CL) 2013-03-10 كتاب Dewey Decimal Classification